000
00270nam a22001097a 4500
005
20251015135849.0
008
251015b |||||||| |||| 00| 0 eng d
020
_a
9789350535981
_q
hbk
082
_a
338 SIN
245
_a
Business Statistics
_c
/G.B.Singh
942
_c
ENGLISH
999
_c
591655
_d
591655